| 000 | 00518nam a22001817a 4500 | ||
|---|---|---|---|
| 999 |
_c177240 _d177240 |
||
| 005 | 20210215172105.0 | ||
| 010 | _aENG-128984 | ||
| 020 |
_c399.00 _a978-93-86473-98-1 |
||
| 035 | _aEN-112516 | ||
| 037 | _bDBAD/PUB | ||
| 082 | _aN | ||
| 100 | _aGoray, Maya | ||
| 245 |
_aDevadasi/ _cMaya Goray |
||
| 260 |
_aNew Delhi _bVitasta Publishing Pvt. Ltd. _c2021 |
||
| 270 |
_bNew Delhi _a2/15, Ansari Roaad, Daryaganj _e110002 _minfo@vitastapublishing.com |
||
| 300 |
_axiii+240p. _c20cm(pbk) |
||
| 942 |
_2ddc _cEN _hN _mGOR |
||